[Event "FICGS W-ch st1 g05 email"]
[Site "FICGS email"]
[Date "2006.07.01"]
[Round "1"]
[White "Burden, Don"]
[Black "Chirea, Alin"]
[Result "1/2-1/2"]
[WhiteElo "1700"]
[BlackElo "2082"]
[PlyCount "73"]
[EventDate "2006.??.??"]
[EventType "tourn (corr)"]
[EventRounds "8"]
[SourceTitle "Corr 2022"]
[Source "ChessBase"]
[SourceDate "2021.10.24"]
[SourceVersion "1"]
[SourceVersionDate "2021.10.24"]
[SourceQuality "1"]

1. e4 c5 2. Nf3 Nc6 3. d4 cxd4 4. Nxd4 Nf6 5. Nc3 e5 6. Ndb5 d6 7. Bg5 a6 8. Na3 b5 9. Bxf6 gxf6 10. Nd5 f5 11. Nxb5 axb5 12. Bxb5 Bb7 13. exf5 Ra5 14. Qd3 Bg7 15. Qc4 Rxb5 16. Qxb5 Qa5+ 17. Qxa5 Nxa5 18. Rd1 Nc4 19. b3 Na3 20. c4 Nc2+ 21. Kd2 Nd4 22. g4 Bh6+ 23. Kd3 Bxd5 24. cxd5 Kd7 25. h4 Bf4 26. Ke4 Nb5 27. Rh3 Rc8 28. Rdd3 Rc2 29. a4 Nc7 30. Kf3 Bd2 31. g5 Na6 32. b4 Nxb4 33. Rb3 Nxd5 34. Rb7+ Rc7 35. Rxc7+ Kxc7 36. Rh1 Nc3 37. Rg1 1/2-1/2

[Event "CFriend WC-2009-P-00011"]
[Site "Chessfriend.com"]
[Date "2005.02.28"]
[Round "1"]
[White "Chirea, Alin"]
[Black "Wolczek, Stanislaus"]
[Result "0-1"]
[WhiteElo "2104"]
[BlackElo "2207"]
[PlyCount "32"]
[EventDate "2005.??.??"]
[EventType "tourn (corr)"]
[EventRounds "6"]
[SourceTitle "Corr 2008"]
[Source "ChessBase"]
[SourceDate "2008.06.24"]
[SourceVersion "1"]
[SourceVersionDate "2008.06.24"]
[SourceQuality "1"]

1. d4 Nf6 2. c4 e6 3. Nc3 Bb4 4. Qc2 0-0 5. a3 Bxc3+ 6. Qxc3 b6 7. Bg5 Bb7 8. f3 d5 9. e3 Nbd7 10. cxd5 exd5 11. Bd3 c5 12. Ne2 Rc8 13. 0-0 Ne4 14. Bxd8 Nxc3 15. bxc3 Rfxd8 16. a4 Re8 0-1